[Event "Moscow ch-T 2018"]
[Site "Moscow"]
[Date "2018.09.27"]
[Round "5"]
[White "Teiitbaev, Aktilek"]
[Black "Voronkov, Denis"]
[Result "0-1"]
[WhiteElo "2223"]
[BlackElo "2180"]
[Annotator "TA"]
[PlyCount "103"]
[EventDate "2018.09.20"]
[EventType "team-tourn"]
[EventCountry "RUS"]
[SourceTitle "playchess.com"]
[Source "ChessBase"]
[SourceQuality "1"]

{[%evp 15,103,-22,-11,-22,55,51,93,35,43,42,41,35,42,37,60,0,0,-17,0,-52,-52,-43,-54,-50,-51,-48,-22,-47,0,7,18,0,0,0,0,0,0,0,0,0,0,0,0,0,0,0,0,0,0,-14,-10,-52,-12,-64,-34,-95,-110,-101,-25,-265,-189,-264,-258,-258,-255,-300,-300,-671,-407,-387,-388,-354,-332,-416,-398,-1046,-1070,-5969,-772,-29980,-29980,-29983,-29984,-29984,-29985,-29986,-29982,-29987,-6203,-29999]} 1. e4 e6 2. d4 d5 3. Nc3 Nf6 4. Bg5 Be7 5. e5 Nfd7 6. h4 Bxg5 7. hxg5 Qxg5 8. Nf3 Qe7 {LiveBook: 4 Games} 9. Bd3 {C14: French: Classical System: 4 Bg5 Be7 main line} (9. Qd3 Nf8 10. O-O-O Bd7 11. Qe3 Nc6 12. a3 O-O-O 13. Bd3 Be8 14. Ne2 a6 15. Nf4 Ng6 16. Rh3 Nxf4 17. Qxf4 f6 18. Bxh7 Rf8 19. Qg3 fxe5 20. dxe5 {½-½ (20) Wen,Y (2487)-Nguyen,N (2579) Manila 2008}) 9... g6 ({Black should play} 9... h6 $11) 10. Qd2 $14 {[%mdl 1024] White has compensation.} Nc6 11. a3 $146 (11. Rh6 $16) ({Predecessor:} 11. O-O-O Nb6 12. Rh6 Nb4 13. Be2 Bd7 14. Rdh1 a6 15. Rxh7 Rxh7 16. Rxh7 Bb5 17. Bxb5+ axb5 {1-0 (50) Zimniok,L (2084)-Neumann,F (1751) Orlova 2016}) 11... h5 12. g4 Nb6 13. O-O-O Bd7 14. gxh5 gxh5 15. Rh4 ({Better is} 15. Rdg1 $14) 15... O-O-O $11 16. Rdh1 f6 17. Bb5 (17. Rxh5 $11 Rxh5 18. Rxh5) 17... fxe5 $15 18. Bxc6 Bxc6 19. Nxe5 Be8 20. Ne2 Nd7 21. Qe3 Nf6 ({Black should try} 21... Nxe5 $15 22. Qxe5 Rf8) 22. Nf4 $11 {Hoping for Neg6.} Rg8 23. Ned3 Bf7 24. f3 Rg3 25. R4h3 Rxh3 26. Rxh3 Rg8 27. Ne5 Be8 28. Ned3 b6 29. Rh1 Rg3 30. Ne2 Rg8 31. Nef4 Bf7 32. Qe5 Kb7 33. Qe2 a5 34. Ne5 (34. Qe3 $11) 34... Nd7 {...Qg5 is the strong threat.} 35. Nxh5 (35. Nxf7 $15 Qxf7 36. Nxe6) 35... Nxe5 $17 36. Qxe5 Rg5 (36... Bxh5 $1 $17 37. Rxh5 Qf7) 37. Qh8 $2 {[#]} (37. Qf6 $11 {and White has nothing to worry.} Qxf6 38. Nxf6) 37... Rf5 38. f4 (38. Qh6 {was necessary.}) 38... Bxh5 39. Rxh5 Rxf4 $19 {[%mdl 4096] Endgame KQR-KQR} 40. Qe5 Re4 41. Qh8 $2 (41. Qg5 Qf7 42. Rh1) 41... Qf7 {[#] ( -> ...Qf1+)} 42. Rh1 Qf4+ 43. Kb1 Rxd4 44. Qh5 Rd2 45. Qg6 $2 (45. Qh4 Qf5 46. Rc1) 45... e5 {[%cal Be6e5,Be5e4,Be4e3,Be3e2][%mdl 32]} 46. b3 Qd4 (46... e4 $142 47. Qh6 Qf2) 47. Qh5 e4 48. Rc1 e3 49. Qh1 e2 50. Qe1 Qc3 51. a4 Rxc2 (51... Qd4 $142 52. Ka2 Rd1 53. Rb1 Rxe1 54. Rxe1 Qd1 55. Rxe2 Qxe2 56. Kb1 d4 57. b4 d3 58. cxd3 axb4 59. a5 b3 60. a6+ Kxa6 61. d4 Qc2+ 62. Ka1 Qc1#) 52. Qd1 {Precision: White = 27%, Black = 63%.} 0-1

[Event "Moscow ch-T 2018"]
[Site "Moscow"]
[Date "2018.09.27"]
[Round "5"]
[White "Makarenko, Aleksandr"]
[Black "Matyunin, Maxim"]
[Result "1/2-1/2"]
[WhiteElo "2219"]
[BlackElo "2235"]
[Annotator "TA"]
[PlyCount "49"]
[EventDate "2018.09.20"]
[EventType "team-tourn"]
[EventCountry "RUS"]
[SourceTitle "playchess.com"]
[Source "ChessBase"]
[SourceQuality "1"]

{[%evp 12,49,33,26,62,26,35,29,28,30,56,11,13,8,20,13,12,14,12,17,6,12,17,8,22,11,13,8,10,9,11,0,0,0,0,-10,-4,-4,0,0]} 1. d4 e6 2. Nf3 d5 3. g3 Nf6 4. Bg2 Bd6 5. O-O O-O 6. c4 b6 {D02: 1 d4 d5 2 Nf3 sidelines, including 2...Nf6 3 g3 and 2...Nf6 3 Bf4} (6... c6 7. Qc2 Nbd7 8. Nbd2 Re8 9. Rd1 h6 10. e4 e5 11. exd5 cxd5 12. cxd5 e4 13. Nh4 Nb6 14. Nxe4 Bg4 15. f3 Nxe4 16. fxg4 Bxg3 17. hxg3 Nxg3 {½-½ (32) Galliamova,A (2443)-Gunina,V (2510) St Petersburg 2017}) 7. Nc3 {LiveBook: 3 Games} Nbd7 8. Nd2 {[%cal Rc4d5]} Bb7 {White has an edge.} 9. e4 dxe4 10. Ndxe4 Rb8 11. Qa4 $146 ({Predecessor:} 11. Bg5 Be7 12. Bf4 Bxe4 13. Nxe4 Nxe4 14. Bxe4 {1-0 (54) Vah,D (1326)-Siraj,S (1029) Topusko 2016}) 11... Nxe4 {The position is equal.} 12. Nxe4 Nf6 13. Nxf6+ Qxf6 14. Bxb7 Rxb7 15. Qc6 Rbb8 {[%cal Bb7b8,Bb8d8,Bd8d6][%mdl 32]} 16. Be3 Qe7 17. Rab1 f5 18. f4 {[#] And now c5 would win.} Qe8 19. Qg2 Be7 20. Rfe1 Rd8 21. b3 Rd6 22. Rbd1 Qa8 23. Rd2 Qxg2+ 24. Kxg2 Rfd8 25. Red1 {Precision: White = 47%, Black = 57%.} 1/2-1/2

[Event "Moscow ch-T 2018"]
[Site "Moscow"]
[Date "2018.09.27"]
[Round "5"]
[White "Dudin, Gleb"]
[Black "Krylov, Aleksey"]
[Result "1/2-1/2"]
[WhiteElo "2208"]
[BlackElo "2229"]
[Annotator "ChessBase"]
[PlyCount "149"]
[EventDate "2018.09.20"]
[EventType "team-tourn"]
[EventCountry "RUS"]
[SourceTitle "playchess.com"]
[Source "ChessBase"]
[SourceQuality "1"]
[TimeControl "5400+30"]

1. c4 {[%emt 0:01:02]} c6 {[%emt 0:04:28]} 2. Nf3 {[%emt 0:01:51]} Nf6 {[%emt 0:00:28]} 3. Nc3 {[%emt 0:00:39]} d5 {[%emt 0:00:08]} 4. e3 {[%emt 0:00:13]} e6 {[%emt 0:02:01]} 5. b3 {[%emt 0:00:59]} Nbd7 {[%emt 0:00:24]} 6. Bb2 {[%emt 0:00:18]} Bd6 {[%emt 0:00:23]} 7. Be2 {[%emt 0:02:35]} Qe7 {[%emt 0:00:59]} 8. a3 {[%emt 0:03:01]} O-O {[%emt 0:05:36]} 9. Qc2 {[%emt 0:02:55]} a6 {[%emt 0:17:48]} 10. O-O {[%emt 0:34:57]} e5 {[%emt 0:11:13]} 11. d3 {[%emt 0:08:13]} Re8 {[%emt 0:05:17]} 12. b4 {[%emt 0:11:40]} Nf8 {[%emt 0:06:39]} 13. c5 {[%emt 0:02:14]} Bc7 {[%emt 0:00:46]} 14. e4 {[%emt 0:00:30]} Ng6 {[%emt 0:04:41]} 15. Rfe1 {[%emt 0:01:56]} Be6 {[%emt 0:10:22]} 16. Bf1 {[%emt 0:01:57]} d4 {[%emt 0:04:49]} 17. Ne2 {[%emt 0:09:02]} Nh5 {[%emt 0:04:27]} 18. Ng3 {[%emt 0:05:32]} Nhf4 {[%emt 0:01:51]} 19. Nd2 {[%emt 0:00:16]} Qd7 {[%emt 0:04:20]} 20. Nc4 {[%emt 0:00:40]} h5 {[%emt 0:00:34]} 21. Bc1 {[%emt 0:05:56]} h4 {[%emt 0:02:00]} 22. Nh1 {[%emt 0:01:13]} Bxc4 {[%emt 0:03:02]} 23. Qxc4 {[%emt 0:01:55]} Qg4 {[%emt 0:00:15]} 24. g3 {[%emt 0:01:26]} Nh3+ {[%emt 0:03:12]} 25. Bxh3 {[%emt 0:00:06]} Qxh3 {[%emt 0:00:05]} 26. f3 {[%emt 0:00:50]} hxg3 {[%emt 0:00:25]} 27. hxg3 {[%emt 0:00:20]} Re6 {[%emt 0:01:21]} 28. Ra2 {[%emt 0:00:33]} Rf6 {[%emt 0:01:41]} 29. Rh2 {[%emt 0:00:42]} Qe6 {[%emt 0:00:16]} 30. Qxe6 {[%emt 0:00:55]} fxe6 {[%emt 0:00:56]} 31. Rf1 {[%emt 0:00:31]} a5 {[%emt 0:02:38]} 32. b5 {[%emt 0:00:27]} cxb5 {[%emt 0:00:18]} 33. Rb2 {[%emt 0:00:04]} b4 {[%emt 0:00:03]} 34. axb4 {[%emt 0:00:07]} b6 {[%emt 0:01:27]} 35. cxb6 {[%emt 0:00:43]} Bxb6 {[%emt 0:00:04]} 36. Bg5 {[%emt 0:00:05]} Rff8 {[%emt 0:00:47]} 37. bxa5 {[%emt 0:00:35]} Bxa5 {[%emt 0:00:14]} 38. Kg2 {[%emt 0:00:59]} Rfb8 {[%emt 0:02:11]} 39. Rc2 {[%emt 0:00:59]} Rc8 {[%emt 0:00:14]} 40. Rfc1 {[%emt 0:00:25]} Rxc2+ {[%emt 0:00:05]} 41. Rxc2 {[%emt 0:00:05]} Bb4 {[%emt 0:00:37]} 42. Nf2 {[%emt 0:01:00]} Ra3 {[%emt 0:00:17]} 43. Bd2 {[%emt 0:00:32]} Be7 {[%emt 0:01:23]} 44. Kf1 {[%emt 0:00:28]} Nf8 {[%emt 0:00:12]} 45. Ke2 {[%emt 0:00:23]} Kf7 {[%emt 0:00:09]} 46. Ng4 {[%emt 0:00:37]} Nd7 {[%emt 0:00:31]} 47. Rc7 {[%emt 0:00:30]} Ke8 {[%emt 0:00:03]} 48. Rc8+ {[%emt 0:00:22]} Kf7 {[%emt 0:00:09]} 49. Rc7 {[%emt 0:00:02]} Ke8 {[%emt 0:00:06]} 50. Rc8+ {[%emt 0:01:05]} Kf7 {[%emt 0:00:04]} 51. Rc2 {[%emt 0:00:28]} Bd6 {[%emt 0:00:28]} 52. Bc1 {[%emt 0:00:31]} Rb3 {[%emt 0:00:13]} 53. Rb2 {[%emt 0:00:32]} Nc5 {[%emt 0:00:58]} 54. Rxb3 {[%emt 0:00:29]} Nxb3 {[%emt 0:00:03]} 55. Bg5 {[%emt 0:00:30]} Ke8 {[%emt 0:01:06]} 56. Kd1 {[%emt 0:00:30]} Kd7 {[%emt 0:00:11]} 57. Kc2 {[%emt 0:00:28]} Nc5 {[%emt 0:00:19]} 58. Bd2 {[%emt 0:00:25]} Kc6 {[%emt 0:01:20]} 59. Ba5 {[%emt 0:00:38]} Nb7 {[%emt 0:00:17]} 60. Bd2 {[%emt 0:00:31]} Kb5 {[%emt 0:00:21]} 61. Nf2 {[%emt 0:00:30]} Nd8 {[%emt 0:00:28]} 62. Nd1 {[%emt 0:00:30]} Nc6 {[%emt 0:00:20]} 63. Nb2 {[%emt 0:00:30]} Ba3 {[%emt 0:01:11]} 64. Nc4 {[%emt 0:00:27]} Be7 {[%emt 0:00:05]} 65. Be1 {[%emt 0:00:35]} Kc5 {[%emt 0:02:01]} 66. Kd2 {[%emt 0:00:29]} Bd8 {[%emt 0:00:35]} 67. Ke2 {[%emt 0:00:20]} Bc7 {[%emt 0:00:08]} 68. Bd2 {[%emt 0:00:40]} Kb5 {[%emt 0:00:42]} 69. Kd1 {[%emt 0:00:30]} Ka4 {[%emt 0:00:14]} 70. Kc2 {[%emt 0:00:30]} Nb4+ {[%emt 0:01:20]} 71. Bxb4 {[%emt 0:00:25]} Kxb4 {[%emt 0:00:01]} 72. Kb2 {[%emt 0:00:19]} Ka4 {[%emt 0:00:47]} 73. Kc2 {[%emt 0:00:31]} Kb4 {[%emt 0:00:04]} 74. Kb2 {[%emt 0:00:04]} Ka4 {[%emt 0:00:04]} 75. Kc2 1/2-1/2

[Event "Moscow ch-T 2018"]
[Site "Moscow"]
[Date "2018.09.27"]
[Round "5"]
[White "Komissarov, Alexey"]
[Black "Gorovenko, Darya"]
[Result "1-0"]
[WhiteElo "2203"]
[BlackElo "2109"]
[Annotator "TA"]
[PlyCount "55"]
[EventDate "2018.09.20"]
[EventType "team-tourn"]
[EventCountry "RUS"]
[SourceTitle "playchess.com"]
[Source "ChessBase"]
[SourceQuality "1"]

{[%evp 13,55,30,43,26,43,46,46,0,0,0,0,0,0,0,7,0,8,0,103,77,164,147,261,247,255,59,241,249,401,312,389,388,453,444,29988,29989,29989,1211,1218,1177,1144,1115,1019,1012]} 1. d4 Nf6 2. Bf4 g6 3. Nc3 d5 4. Qd2 Bg7 5. Bh6 Bxh6 6. Qxh6 {D01: Veresov Opening} c5 (6... Bf5 7. Qd2 c5 8. e3 cxd4 9. exd4 Nc6 10. a3 Rc8 11. Nge2 O-O 12. Ng3 Bd7 13. h4 {1-0 (53) Howell,D (2676)-Demchenko,A (2660) Riadh 2017}) 7. dxc5 Qa5 {[#] LiveBook: 6 Games. ...d4 is the strong threat.} 8. Nf3 {White is slightly better.} Nc6 {And now ...d4 would win.} 9. e3 $146 ({Predecessor:} 9. Qd2 Qxc5 10. e3 Bg4 11. Be2 O-O 12. O-O Rfd8 {0-1 (31) Pollio,C (1972)-Carrasco Miranda,A (2247) Santiago de Chile 2010}) 9... Bg4 10. Bb5 Bxf3 11. gxf3 a6 12. Bxc6+ bxc6 13. O-O-O Rb8 14. Rd4 Qxc5 15. Rhd1 e5 (15... Nh5 $11 {remains equal.}) 16. Ra4 Nd7 {[#]} (16... a5 $16 {is a better defense.}) 17. f4 $1 $18 (17. Rxa6 Qb4 $16) 17... Ke7 (17... Qb6 $16) 18. fxe5 ({Don't play} 18. Rxa6 $6 exf4 19. Qxf4 (19. exf4 Rhc8 $16) 19... Rb7 $18) 18... Nxe5 19. Rf4 $2 ({Resist} 19. Rxa6 Rhf8 $18) (19. Qh4+ $18 f6 20. Rxa6) 19... Kd7 $2 (19... f5 $1 $14) 20. Qg7 Rhe8 $2 (20... Qd6 {was worth a try.} 21. Re4 Rbe8) 21. Ne4 Qb6 22. Nf6+ Ke6 23. b3 Re7 (23... Qc5 $18 24. Nxe8 Rxe8 25. Rf6+ Kd7) 24. Nxd5 cxd5 25. Rf6+ (25. Qf6+ $142 Kd7 26. Rxd5+ Kc8 27. Qxe7 Qc7 28. Rc5 Qxc5 29. Qxc5+ Kd7 30. Qxe5) 25... Kd7 {White is clearly winning.} 26. Rxb6 Rxb6 27. Rxd5+ Rd6 28. Rxe5 {Precision: White = 41%, Black = 34%.} 1-0

[Event "Moscow ch-T 2018"]
[Site "Moscow"]
[Date "2018.09.27"]
[Round "5"]
[White "Kovtunenko, Alexandr"]
[Black "Smirnov, Timofey"]
[Result "0-1"]
[WhiteElo "2139"]
[BlackElo "2332"]
[Annotator "TA"]
[PlyCount "92"]
[EventDate "2018.09.20"]
[EventType "team-tourn"]
[EventCountry "RUS"]
[SourceTitle "playchess.com"]
[Source "ChessBase"]
[SourceQuality "1"]

{[%evp 18,92,12,11,26,31,79,86,75,79,143,138,131,134,128,135,147,156,149,124,148,133,119,130,175,175,173,160,207,208,251,265,241,138,144,95,89,0,0,-45,-48,-546,-542,-540,-543,-644,-600,-759,-731,-2040,-745,-1110,-1193,-1166,-1181,-1153,-1137,-1102,-782,-993,-1062,-1209,-1233,-1400,-1249,-2113,-2070,-2352,-2071,-5687,-5116,-6625,-5736,-29986,-29987,-29989,-29990]} 1. e4 c5 2. Nf3 d6 3. d4 cxd4 4. Nxd4 Nf6 5. Nc3 a6 6. Bg5 Nbd7 7. Qe2 {B94: Sizilianisch (Najdorf-Variante mit 6.Lg5)} h6 8. Bh4 g6 9. O-O-O (9. f4 Qc7 10. O-O-O Bg7 11. g4 e5 12. fxe5 Nxe5 13. h3 Be6 14. Qf2 Nfd7 {½-½ (26) Carlsen,M (2842)-Svidler,P (2753) Biel 2018}) 9... e5 10. Nb3 {LiveBook: 38 Partien} b5 11. Nd5 Bb7 $146 ({Vorgänger:} 11... Bg7 12. Nxf6+ Nxf6 13. Qd3 Ra7 14. f3 Rd7 15. Bxf6 Qxf6 {0-1 (42) Ileana,G (2219)-Salemgareev,T (2354) Mamaia 2017}) 12. Nc5 Bxd5 13. Nxd7 g5 (13... Kxd7 $142 14. Bxf6 Qxf6 15. Rxd5 h5) 14. Nxf6+ $16 Qxf6 15. Rxd5 {[#] Droht Lg3 und aus.} gxh4 16. g3 Be7 17. Bh3 O-O 18. Rhd1 Rfb8 19. R1d3 b4 20. Kb1 Rb6 21. Rf3 Qg6 22. Qc4 Bd8 23. Rdd3 Kg7 24. Bf5 Qg5 25. Bg4 (25. h3 $18) 25... Ra7 26. gxh4 Qxh4 ({Falsch wäre} 26... Qxg4 $2 27. Rg3 $18) 27. Rh3 ({Lieber} 27. h3 $16) 27... Qxf2 $11 {...Tc7 ist eine echte Drohung.} 28. Rdg3 {zielt auf Dc8 ab.} Bg5 $40 {[%mdl 128] Schwarz hat einigen Angriff.} 29. Rd3 $2 {[%mdl 8192]} ({Aber nicht} 29. Bd1 $2 Qd2 $19) ({Günstiger ist} 29. Qe2 $1 $15 Qxe2 30. Bxe2) 29... Qf4 $19 {[%csl Gg5][%cal Rf4c1]} 30. Rd1 Qxg4 {[%cal Rg4d1]} 31. Qf1 Rc7 {Weiss muss nun ...Tbc6 beachten.} 32. Rg3 Qxe4 33. h4 Qxc2+ 34. Ka1 Rbc6 {( -> ...Dc1+!)} ({Nicht} 34... Qh2 35. hxg5 d5 36. gxh6+ Kh8 37. Rg7 $17) 35. Rb1 {[#]} Qxb1+ $1 36. Qxb1 (36. Kxb1 Rc1+) 36... Rc1 37. hxg5 Rxb1+ 38. Kxb1 {[%mdl 4096] Endspiel KT-KT} h5 {[%cal Bh6h5,Bh5h4,Bh4h3,Bh3h2][%mdl 32]} 39. Rf3 Kg6 40. Rf6+ Kxg5 41. Rxd6 h4 42. a3 bxa3 43. b4 Rb7 44. Rxa6 Rxb4+ 45. Ka1 h3 46. Rxa3 h2 {Precision: Weiß = 48%, Schwarz = 46%.} 0-1

[Event "Moscow ch-T 2018"]
[Site "Moscow"]
[Date "2018.09.29"]
[Round "6"]
[White "Nikolenko, Oleg"]
[Black "Afanasiev, Nikita"]
[Result "0-1"]
[WhiteElo "2466"]
[BlackElo "2487"]
[Annotator "TA"]
[PlyCount "116"]
[EventDate "2018.09.20"]
[EventType "team-tourn"]
[EventCountry "RUS"]
[SourceTitle "playchess.com"]
[Source "ChessBase"]
[SourceQuality "1"]

{[%evp 29,116,39,85,46,70,35,97,52,68,54,49,45,58,11,20,-61,-51,-49,-51,-58,-19,-16,-38,-35,0,0,0,-2,0,-14,-15,-13,-21,-28,-28,-30,-7,-10,0,0,0,-10,-17,-22,-7,-17,0,-20,2,9,6,-45,-48,-57,-47,-96,-106,-143,-143,-200,-193,-187,-135,-198,-152,-459,-477,-508,-86,-379,-368,-369,-360,-611,-581,-586,-503,-850,-845,-947,-861,-822,-470,-29990,-29991,-29994,-29994,-29994,-29993]} 1. e4 {Morgado,Juan Sebastian} c5 2. Nf3 d6 3. Nc3 Nc6 4. d4 cxd4 5. Nxd4 Nf6 6. Bg5 e6 7. Qd2 a6 8. O-O-O Bd7 9. f4 Be7 10. Nf3 b5 11. Bxf6 gxf6 12. Kb1 Qb6 13. f5 O-O-O 14. g3 Kb8 15. Bh3 Bc8 16. Rhe1 {B69: Sicilian: Richter-Rauzer: 7...a6 8 0-0-0 Bd7 9 f4 Be7 10 Nf3 b5 11 Bxf6} h5 $146 ({Predecessor:} 16... b4 17. Na4 Qb5 18. b3 d5 19. fxe6 fxe6 20. Bf1 Qb7 21. exd5 Rxd5 22. Qe3 Rxd1+ 23. Rxd1 Rd8 24. Rxd8 Bxd8 {½-½ (37) Morgado,J (2540)-Palmo,P (2470) Argentina 1995 Telechess CBM 155 [Morgado,Juan Sebastian]}) 17. Qe2 Ka7 (17... Bf8 $14) 18. Nh4 {White is better.} Ne5 19. Ng2 Rde8 20. Nf4 {[%cal Rf5e6]} Bd8 21. fxe6 fxe6 22. Nxh5 (22. a4 $11) 22... Qc5 23. Nf4 Ba5 24. Qe3 Nc4 25. Qxc5+ $1 dxc5 26. Re2 Ne5 {[%mdl 1024] Black has compensation.} 27. Bf1 Reg8 28. Bh3 Re8 29. Kc1 Bc7 30. Rh1 Kb8 31. Nd1 Nf3 {Hoping for ...Bxf4+.} 32. Bf1 Reg8 33. Rf2 Nd4 34. Bg2 Nc6 35. Ne3 c4 36. Nf1 Bb6 37. Re2 Kc7 {[%cal Bb8c7,Bc7d6,Bd6e7][%mdl 32]} 38. h3 Rd8 39. g4 Ne5 $36 {[%mdl 2048] Black is more active.} 40. Ng3 ({White should try} 40. Nd2 $11) 40... Kd6 $15 41. Rf1 Ke7 42. Nfh5 Rhf8 43. c3 a5 44. Kc2 (44. Nf4 $17) 44... b4 45. Nf4 {[#]} Rd6 (45... Rd3 $1 $19 {[%mdl 512]} 46. Ngh5 (46. Nxd3 cxd3+) 46... Bc5 47. cxb4 axb4) 46. Ngh5 (46. Ree1 $17 {was called for.}) 46... Bd7 47. h4 $2 (47. Nd5+ $17 {is a better chance.} exd5 48. exd5) 47... bxc3 $19 48. Kxc3 Ba4 $2 {[#]} (48... Bd4+ $19 {and Black stays clearly on top.} 49. Kc2 Rb8) 49. Rd2 $2 {[%mdl 8192]} (49. Nd5+ $1 $17 {[%mdl 512]} Kd8 (49... exd5 50. exd5) 50. Nhxf6) 49... Rfd8 50. Rxd6 Rxd6 51. Nxf6 $2 (51. Nd5+ exd5 52. exd5) 51... Bd4+ 52. Kd2 Kxf6 53. g5+ (53. Ne2+ $142 Bf2+ 54. Kc1) 53... Ke7 54. g6 Bc5+ 55. Ke2 {[#]} c3 $1 {[%cal Bc4c3,Bc3b2][%mdl 32]} 56. g7 (56. bxc3 $19 Bb5+ 57. Ke1 Bxf1 58. Bxf1) 56... Bb5+ {Black mates.} 57. Ke1 cxb2 {[%cal Rb2b1]} 58. g8=N+ Kd8 {Precision: White = 28%, Black = 51%.} 0-1

[Event "Moscow ch-T 2018"]
[Site "Moscow"]
[Date "2018.09.29"]
[Round "6"]
[White "Kozionov, Kirill"]
[Black "Antonov, Alexandr"]
[Result "1/2-1/2"]
[WhiteElo "2458"]
[BlackElo "2220"]
[Annotator "TA"]
[PlyCount "89"]
[EventDate "2018.09.20"]
[EventType "team-tourn"]
[EventCountry "RUS"]
[SourceTitle "playchess.com"]
[Source "ChessBase"]
[SourceQuality "1"]

{[%evp 20,89,64,12,10,16,12,17,13,16,16,15,14,5,27,27,30,-1,20,0,27,29,56,44,55,54,46,55,59,17,36,36,20,0,0,20,0,7,19,-28,0,0,0,0,0,0,0,0,0,0,0,-1,-7,-69,-68,-61,-48,-55,-55,-42,-39,-52,-46,-47,-25,-88,-85,-85,-10,-10,-10,-10]} 1. d4 d5 2. c4 dxc4 3. Nf3 Nf6 4. e3 e6 5. Bxc4 a6 6. Qe2 b5 {D26: Queen's Gambit Accepted: 4 e3 e6 5 Bxc5 c5 sidelines} 7. Bd3 Bb7 8. O-O Nbd7 9. a4 b4 10. e4 c5 11. Nbd2 {LiveBook: 13 Games} (11. d5 $14) 11... cxd4 $11 12. e5 Nd5 13. Nb3 Nc5 14. Nxc5 Bxc5 15. Bd2 Be7 {[#]} 16. Rfd1 $146 ({Predecessor:} 16. Rfc1 O-O 17. Nxd4 {1-0 (55) Eljanov,P (2761)-Tkachiev,V (2632) Khanty-Mansiysk 2010}) 16... O-O 17. Qe4 {[%csl Gd3][%cal Re4h7]} g6 18. Qg4 Re8 19. h4 h5 20. Qg3 {Strongly threatening Bxg6!} Bf8 {[#]} 21. Bxg6 $1 {[%mdl 512]} fxg6 22. Qxg6+ Kh8 $1 23. Qxh5+ Kg8 24. Qg6+ ({Don't play} 24. Nxd4 Qd7 $11) 24... Kh8 $1 {[%cal Bg8h8,Bh8h7,Bh7g6][%mdl 32]} 25. Ng5 {[%csl Gg5][%cal Rg6h7]} Re7 26. Nf7+ Rxf7 27. Qxf7 Qe7 28. Qh5+ Qh7 29. Qxh7+ Kxh7 30. Rac1 Be7 $36 {[%mdl 2048] Black has good play.} 31. Bg5 Bxg5 32. hxg5 Kg6 33. Rxd4 Kxg5 34. f3 Kf5 35. Rg4 {Black must now prevent Rg7.} Kxe5 36. Rg7 (36. a5 $11) 36... Rb8 $15 37. a5 Nf4 38. Re1+ Kf6 39. Rg4 $1 {[%cal Rg4f4]} e5 40. Rd1 Ke6 $1 41. Rg7 Bc6 42. Kf2 (42. Rh7 $1 $11 {remains equal.} Bb5 43. Rh6+ Kf5 44. Rdd6) 42... Bb5 $17 43. Rd2 {[#]} Rc8 ({Better is} 43... Rh8 $1 $17) 44. g3 $1 $11 {[%cal Rg3f4]} Nd5 45. Rg6+ {Precision: White = 62%, Black = 61%.} 1/2-1/2

[Event "Moscow ch-T 2018"]
[Site "Moscow"]
[Date "2018.09.29"]
[Round "6"]
[White "Elistratov, Semen"]
[Black "Klukin, Kirill"]
[Result "1-0"]
[WhiteElo "2400"]
[BlackElo "2293"]
[Annotator "TA"]
[PlyCount "121"]
[EventDate "2018.09.20"]
[EventType "team-tourn"]
[EventCountry "RUS"]
[SourceTitle "playchess.com"]
[Source "ChessBase"]
[SourceQuality "1"]

{[%evp 14,121,68,58,67,28,86,36,30,44,52,23,33,25,31,35,60,61,68,-4,39,21,43,43,77,56,64,-66,-61,-64,-22,-33,0,0,0,0,-7,-12,-8,-33,0,-150,-6,-25,-18,-19,-23,-21,0,0,0,0,0,0,0,0,0,0,0,2,4,0,2,0,2,0,2,0,0,0,66,15,32,13,91,0,0,0,0,0,299,287,283,279,247,139,652,623,787,777,772,744,736,711,1047,906,1398,733,29976,1192,29977,29978,29977,29979,29979,29980,29983,29981,29982,29983]} 1. Nf3 c5 2. g3 Nc6 3. Bg2 g6 4. c4 Bg7 5. Nc3 d6 6. d3 Nh6 7. h4 {[%cal Bh2h4,Bh4h5][%mdl 32] A37: Symmetrical English vs ...g6: 4 Bg2 Bg7 5 Nf3} Nf5 (7... Bg4 8. Bd2 Qd7 9. Rb1 Ng8 10. Nd5 Nf6 11. Ne3 Bxf3 12. Bxf3 O-O 13. b4 Nxb4 14. Bxb4 cxb4 15. Rxb4 {½-½ (59) Adams,M (2745)-Vachier Lagrave,M (2765) Shamkir 2015 CBM 166 [Mokal,P]}) 8. h5 {LiveBook: 12 Games} e6 9. Bg5 {White is slightly better.} Qb6 (9... f6 $11 {keeps the balance.} 10. h6 Bf8) 10. Ne4 $146 ({Predecessor:} 10. Rb1 h6 11. Bd2 g5 12. a3 a5 13. e3 Qd8 14. Ng1 Nfe7 {0-1 (47) Pribyl,J (2425)-Cvek,R (2405) Czechia 1999}) 10... h6 ({Reject} 10... Qxb2 $6 11. Rb1 $16) 11. Bf6 Bxf6 12. Nxf6+ Ke7 13. Ne4 $1 g5 $1 14. Qd2 f6 15. O-O Bd7 16. Nh2 ({Much worse is} 16. Qc3 Raf8 $15) (16. e3 $14) 16... Raf8 17. Ng4 Qb4 18. Nc3 $1 Ne5 19. a3 Qb3 20. Ne3 (20. Nxe5 $14 fxe5 21. Rab1) 20... Nxe3 $15 21. Qxe3 {aiming for d4.} Ng4 22. Qd2 Bc6 23. e4 Rhg8 24. Qe2 Ne5 25. f4 gxf4 26. gxf4 Nd7 27. f5 (27. Kh2 $11) 27... e5 (27... exf5 $17 28. Rxf5 Ne5) 28. Kh2 Rg5 29. Bf3 Rfg8 30. Rg1 a6 31. Qd2 Qb6 32. Raf1 Qd8 33. Nd1 Rxg1 34. Rxg1 Rxg1 35. Kxg1 Qg8+ 36. Kf2 Qg5 37. Qa5 Qc1 38. Ke1 Qf4 $132 {[%mdl 2048] Black is fighting back} 39. Be2 Qc1 40. b4 cxb4 41. axb4 Qb1 (41... Qf4 $11) 42. Kf2 (42. Qa3 $14) 42... Qb3 43. Ne3 Qc3 (43... Qb2 $11 {remains equal.}) 44. Ng4 ({Better is} 44. Qd5 $1 $16 {Hoping for b5.} Qxb4 45. Qg8) 44... Qd4+ $11 45. Kf3 Nb6 46. c5 dxc5 $2 {[%mdl 8192]} (46... d5 $11 {and Black is okay.} 47. Qxb6 dxe4+ 48. dxe4 Bxe4+ 49. Kg3 Qg1+ 50. Kh4 Qh1+ 51. Kg3 Qe1+ 52. Kh3 Qh1+ 53. Kg3 Qg2+ 54. Kh4 Qh1+ 55. Kg3) 47. Qxb6 cxb4 48. Qc7+ Qd7 {[#]} 49. Qa5 ({White must play} 49. Qxd7+ $1 $18 Bxd7 50. Ke3 (50. Nxh6 b3 $11)) 49... Qd4 $2 {[%mdl 8192]} (49... Qxf5+ $16 50. Kg2 Qxh5) 50. Qa2 $18 Qd6 51. Qg8 Be8 52. Qg7+ Kd8 53. Nxf6 Qe7 54. Nxe8 Kxe8 55. Qg6+ Qf7 56. Bd1 {Intending f6 and mate.} Ke7 57. Qxf7+ {White mates.} Kxf7 {[#]} 58. d4 $1 {[%cal Bd3d4,Bd4d5][%mdl 32]} Kf6 (58... exd4 59. e5) 59. d5 b5 60. Ke3 Ke7 61. Kd2 {Precision: White = 60%, Black = 33%.} 1-0